Tuhosť a pevnosť pokusný programový text

Bibliographic Details
Main Author: Binder, Róbert, 1922- (Author)
Format: Book
Language:Slovak
PhysicalDescription:592 s. 4°
Published: Bratislava Alfa 1969

MARC

LEADER 00000nam a2200000 a 4500
001 vtls001319253
003 SK-MaSNL
005 20260301104858.0
008 240316s1969 xo 0 slo
035 |a SNK000271846 
040 |a SNK  |b slo  |c SNK  |e AACR2 
041 0 |a slo 
044 |a xo  |c SK 
100 1 |a Binder, Róbert,  |d 1922-  |4 aut  |9 211262 
245 1 |a Tuhosť a pevnosť  |b pokusný programový text  |c Róbert Binder 
260 |a Bratislava  |b Alfa  |c 1969 
300 |a 592 s.  |c 4° 
958 |a OND 
999 |c 699366  |d 701296 
952 |a SNK  |b SNK  |y PREZ  |7 0  |p 17A0840223  |o snkSB 14976  |0 0  |1 0  |4 0  |d 2012-07-23  |f 1  |l 0  |r 2025-03-14 00:00:00  |w 2026-02-23 
952 |t P60, <03>, [BOOK], {603}  |a SNK  |b SNK  |y PREZ  |7 0  |o snkSB 14976  |i snkKSP 3041/69  |0 0  |1 0  |4 0  |d 1998-02-04  |l 0  |r 2005-01-02 00:00:00  |w 2026-02-23 
952 |t P60, <04>, [BOOK], {604}  |a SNK  |b SNK  |y VYP  |7 0  |o snkSB 14976 D1  |i snkKSP 3042/69  |0 0  |1 0  |4 0  |d 1998-02-04  |l 0  |r 2005-01-02 00:00:00  |w 2026-02-23